000 00437nam a2200145Ia 4500
003 OSt
005 20260128163210.0
008 211028s2018 xx 000 0 und d
040 _cAIMIT LIBRARY
041 _aeng
100 _aRani, Devika; Thomas, Babu.
_g1616042
_97799
245 _aStudy on occupational health and safety of dock workers at New Mangalore Port Trust /
260 _aMangalore
_bBabu Thomas.
_c2018
942 _2ddc
_cPRO
999 _c219367
_d219367